000 00300nam a22001337a 4500
008 170615b xxu||||| |||| 00| 0 eng d
020 _a0691021910
041 _aeng
080 _a32
100 _a19
101 _aSHP
245 _aWOMEN IN WESTERN POLITICAL THOUGH
_cOKIN.M
942 _2udc
_cBK
999 _c17519
_d17519